| 000 | 00759nam a2200265Ia 4500 | ||
|---|---|---|---|
| 003 | GCL | ||
| 008 | 140319s9999 xx 000 0 ara d | ||
| 040 |
_aGCL / _cGCL |
||
| 082 | 0 | 4 |
_aط _b612.142 _bد ا |
| 100 | 1 | _aاحمد الخطيب | |
| 245 | 1 | 0 |
_aانت وجسدك / _cاحمد الخطيب |
| 700 | 1 | _aدانيال، داود | |
| 260 |
_a[S.N] : _bمكتبة لبنان |
||
| 300 | _a50 ص | ||
| 490 |
_aسلسلة كتب الطبيعة _v0 |
||
| 650 | 0 | 4 | _aالاطفال |
| 650 | 0 | 4 | _aجسم الانسان |
| 650 | 0 | 4 | _aالفسيولوجيا |
| 650 | 0 | 4 | _aالجهاز العصبى |
| 650 | 0 | 4 | _aالتشريح |
| 650 | 0 | 4 | _aالانسجة |
| 650 | 0 | 4 | _aالاعضاء والانسجة |
| 650 | 0 | 4 | _aالغدد |
| 942 |
_2ddc _cBK |
||
| 999 |
_c32704 _d32704 |
||